000 00732nam a2200289Ia 4500
005 20260324111418.0
008 008 260324s9999 xx 000 0 eng d
020 _a9781003350736
037 _aEBOOK
040 _aCRL
040 _beng
040 _cCRL
041 _2eng
041 _aeng
084 _qCRL
100 _aSimon Hackett; Nicki Power
_91138452
245 0 _aArt Therapy with People with Learning Disabilities
245 0 _bAuthentic Voices in Clinical Practice and Research
260 _bTaylor and Francis
260 _c2025
365 _a
365 _b205
856 _uhttp://www.taylorfrancis.com/books/9781003350736
942 _cEBOOK
999 _c1727262
_d1727262